| 000 | 02384cab a2200181 4500 | ||
|---|---|---|---|
| 001 | ##L133418 | ||
| 008 | 060508n2006 000 0 eng u | ||
| 035 | _a(Sirsi) u133418 | ||
| 041 | 0 | _aeng | |
| 245 | 0 | 0 | _aPlymouth and South West Co-operative Society Ltd v Architecture, Structure and Management Ltd |
| 260 | _c2006 | ||
| 520 | _a[2006] EWHC 5 (TCC) 10 January 2006. P appointed A to design and manage the refurbishment of its store. By the time the second-stage tender was issued, little or no design progress had been made, and the vast majority of the works remained as undefined provisional or prime cost sums. When P expressed concerns about this, A assured it that provisional sums would be monitored against actual expenditure, and if greater costs were being expended, savings would be made from other allowances. Because of the significant volume of provisional work, more than 7 500 variation instructions were issued, and substantial cost overruns occurred. P began proceedings, alleging that A had not acted with reasonable care and skill, in that, because of the provisional nature of the design, it should have advised P that there was no real prospect of delivering the project within budget. P also argued that A should have divided the work into two separate contracts, proceeding first with a contract for a unit for which a tenant had already been found and for which a design had been developed. "Held" splitting the contract into two had been both a commercial and technical possibility, and A was therefore in breach of its duty in not advising P to proceed on this basis. So far as the assessment of damages was concerned, there was an almost complete absence of documentation caused by A's default. In the circumstances, the quantum exercise carried out by P's experts, which turned upon the hypothetical evaluation of what cost would, or would not, have occurred had the project been divided, was a valid way of assessing the loss suffered by P. | ||
| 590 | _aIKA090506 | ||
| 650 | 2 | 4 | _aPLYMOUTH AND SOUTH WEST CO-OPERATIVE SOCIETY LTD V ARCHITECTURE, STRUCTURE AND MANAGEMENT LTD |
| 690 | _aMANAGEMENT-DISPUTE AVOIDANCE, MANAGEMENT AND RESOLUTION-DISPUTE MANAGEMENT AND RESOLUTION-ADVOCACY | ||
| 856 | 4 | 1 |
_uhttps://www.bailii.org/cgi-bin/markup.cgi?doc=/ew/cases/EWHC/TCC/2006/5.html _zView the item free of charge at www.bailii.org... |
| 942 | _n0 | ||
| 999 |
_c76993 _d76993 |
||